Ortega : contribuciones a la filosofía /

Se efectúa un bosquejo respecto de la idea de la vida humana -concepto fundamental de la filosofía de Ortega y Gasset-, contraponiéndola a la noción de substancia, tal como ha sido entendida habitualmente. La confrontación se realiza en el contexto del debate acerca del asunto más tradicional de la...

Full description

Bibliographic Details
Main Author: Acevedo Guerra, Jorge
Format: Analitica de revista
Language:Spanish
Published: Santiago, Chile Universidad de Chile 2005
Subjects:

MARC

LEADER 00000cab a2200000 a 4500
001 040408
003 UAHC_CL
005 20170803124444.0
008 150506b xx j 000 1 spa
040 |a UAHC_CL  |c UAHC_CL  |d UAHC_CL 
100 1 |a Acevedo Guerra, Jorge 
245 1 0 |a Ortega :  |b contribuciones a la filosofía /  |c Jorge Acevedo Guerra. 
260 |b Universidad de Chile  |a Santiago, Chile  |c 2005 
300 |a pp. 3-42 
500 |a En: Revista de filosofía. vol 61, 2005 p. 33-42. ISSN 0034-8236. 
500 |a En: Revista de filosofía. vol 61, 2005 p. 33-42. ISSN 0034-8236. 
520 |a Se efectúa un bosquejo respecto de la idea de la vida humana -concepto fundamental de la filosofía de Ortega y Gasset-, contraponiéndola a la noción de substancia, tal como ha sido entendida habitualmente. La confrontación se realiza en el contexto del debate acerca del asunto más tradicional de la filosofía, la cuestión del ser. 
520 |a Se efectúa un bosquejo respecto de la idea de la vida humana -concepto fundamental de la filosofía de Ortega y Gasset-, contraponiéndola a la noción de substancia, tal como ha sido entendida habitualmente. La confrontación se realiza en el contexto del debate acerca del asunto más tradicional de la filosofía, la cuestión del ser. 
650 4 |a FILOSOFIA MODERNA 
650 4 |a FILOSOFIA  |v PUBLICACIONES PERIODICAS 
759 |a PP134 
773 0 |t Revista de Historia Indígena.  |w 034069 
900 |a REV. FILOS.-61/05 
942 |c REVA 
952 |0 0  |1 0  |4 0  |6 REV___FILOS_61_05_000000000000000  |7 0  |8 Hemeroteca  |9 76131  |a BC  |b BC  |c Hemeroteca  |d 2017-08-03  |l 0  |o REV. FILOS.-61/05  |p FICTICIO10088  |r 2019-01-08 00:00:00  |t 1  |w 2017-08-03  |y REVA 
999 |c 40408  |d 40408